U.S. Presidents who Died During Their Successor's Term - Statistics

General Stats
  • This quiz has been taken 84 times
  • The average score is 3 of 6
Answer Stats
President Year Successor % Correct
George Washington 1799 John Adams
73%
Lyndon B. Johnson 1973 Richard Nixon
64%
Andrew Johnson 1875 Ulysses S. Grant
59%
Calvin Coolidge 1933 Herbert Hoover
51%
James K. Polk 1849 Zachary Taylor
46%
Chester A. Arthur 1886 Grover Cleveland
39%
No matching quizzes found
Score Distribution
Percent of People with Each Score
Percentile by Number Answered
Your Score History
You have not taken this quiz